Loading...
| Science - Physics | 0 | 4 | 0 | 1 | 40 | 92 | 103.00 | 0 | 1 | 6.31 | 15.93 |
| Science - Other | 0 | 4 | 0 | 2 | 40 | 79 | 99.00 | 0 | 0 | 7.59 | 15.93 |
| Science - Chemistry | 0 | 3 | 0 | 0 | 30 | 75 | 95.33 | 0 | 1 | 7.14 | 17.07 |
| Mythology | 0 | 2 | 0 | 0 | 20 | 126 | 133.00 | 0 | 0 | 0.81 | 3.33 |
| Science - Biology | 0 | 2 | 0 | 0 | 20 | 105 | 111.50 | 0 | 0 | 2.00 | 3.33 |
| History - Other | 0 | 2 | 0 | 1 | 20 | 74 | 96.50 | 0 | 0 | 4.57 | 7.78 |
| Social Science | 0 | 2 | 1 | 0 | 15 | 80 | 84.00 | 0 | 0 | 6.32 | 11.11 |
| Fine Arts - Visual | 0 | 2 | 1 | 0 | 15 | 87 | 107.00 | 0 | 0 | 5.72 | 12.84 |
| Literature - European | 0 | 1 | 0 | 0 | 10 | 147 | 147.00 | 0 | 0 | 0.08 | 1.11 |
| Religion | 0 | 1 | 1 | 1 | 5 | 128 | 128.00 | 0 | 0 | 0.09 | 4.44 |
| Fine Arts - Other | 0 | 1 | 1 | 0 | 5 | 101 | 101.00 | 0 | 0 | 2.06 | 2.22 |
| History - World | 0 | 0 | 1 | 0 | -5 | 0.00 | 0 | 0 | 0.00 | 0.00 | |
| Geography/Current Events | 0 | 0 | 1 | 0 | -5 | 0.00 | 0 | 0 | 0.00 | 0.00 |